000 00525nam a2200205Ia 4500
003 OSt
005 20220926012822.0
006 a|||||r|||| 00| 0
007 ta
008 220923b |||||||| |||| 00| 0 eng d
037 _cGeneral Book
040 _aRTL
_cRTL
_beng
041 _2eng
_aeng
082 _aX:551n, (RR)
245 0 _aCOMMODITY YEARBOOK Ed by Walter L Emry
260 _aNew York
_bG R B USA
650 _aTrade
942 _hX:551n, (RR)
_cGB
_2CC
999 _c624418
_d624418